[Event "RUS Cup Regions"]
[Site "Belgorod"]
[Date "2008.11.28"]
[Round "9"]
[White "Ponkratov, Pavel"]
[Black "Khasin, Alexander"]
[Result "1-0"]
[WhiteElo "2542"]
[BlackElo "2498"]
[PlyCount "69"]
[EventDate "2008.11.21"]
[EventType "swiss"]
[EventRounds "10"]
[EventCountry "RUS"]
[SourceTitle "EXT 2010"]
[Source "ChessBase"]
[SourceDate "2010.11.25"]
[SourceVersion "1"]
[SourceVersionDate "2010.11.25"]
[SourceQuality "1"]

1. e4 c5 2. Nf3 Nc6 3. d4 cxd4 4. Nxd4 g6 5. Be3 Nf6 6. Nc3 Bg7 7. Be2 0-0 8. f4 Nxd4 9. Bxd4 Qa5 10. 0-0 d6 11. Bf3 Be6 12. Qd2 Rac8 13. Qf2 b6 14. a3 Nd7 15. Bxg7 Kxg7 16. Kh1 Qc5 17. Qh4 Nf6 18. Rae1 h6 19. Be2 Bc4 20. e5 dxe5 21. fxe5 Nh7 22. Bxc4 g5 23. Qh3 Qxc4 24. Ne2 Qe6 25. Qf3 Qg6 26. Nd4 e6 27. Qb7 Rxc2 28. Nxc2 Qxc2 29. b4 g4 30. Re4 h5 31. Ref4 Ng5 32. Qxa7 Qe2 33. Qxb6 Nf3 34. Qf2 Qxe5 35. Qg3 1-0

[Event "RUS Cup Regions"]
[Site "Belgorod"]
[Date "2008.11.25"]
[Round "6"]
[White "Rodin, Dmitrij"]
[Black "Khasin, Alexander"]
[Result "0-1"]
[WhiteElo "2421"]
[BlackElo "2498"]
[PlyCount "156"]
[EventDate "2008.11.21"]
[EventType "swiss"]
[EventRounds "10"]
[EventCountry "RUS"]
[SourceTitle "EXT 2010"]
[Source "ChessBase"]
[SourceDate "2010.11.25"]
[SourceVersion "1"]
[SourceVersionDate "2010.11.25"]
[SourceQuality "1"]

1. e4 c5 2. Nf3 Nc6 3. d4 cxd4 4. Nxd4 g6 5. c4 Nf6 6. Nc3 d6 7. Be2 Nxd4 8. Qxd4 Bg7 9. Be3 0-0 10. Qd2 a5 11. 0-0 a4 12. Rfd1 Qa5 13. Rab1 Be6 14. f3 Rfc8 15. b3 axb3 16. axb3 Qb4 17. Na4 Qxd2 18. Rxd2 Nd7 19. Kf2 f5 20. exf5 Bxf5 21. Re1 Be6 22. Bd1 Kf7 23. Bd4 Bxd4+ 24. Rxd4 Ra5 25. f4 Nf6 26. Nc3 Bf5 27. h3 h5 28. Rd2 Re8 29. Bf3 Ra3 30. Rb2 b6 31. Nb5 Ra5 32. Rbe2 Bd3 33. Re3 Rxb5 34. cxb5 Bxb5 35. Rc1 Bd7 36. Rc7 h4 37. Rb7 b5 38. Rc3 Bf5 39. Rcc7 Be4 40. Rxb5 Bxf3 41. Kxf3 Ra8 42. Rc3 Ra1 43. Rd3 Rf1+ 44. Ke3 Re1+ 45. Kf2 Rb1 46. b4 Nh5 47. Rb7 Rb2+ 48. Kf3 Ng3 49. b5 Kf6 50. Rb8 Rb4 51. b6 Ne4 52. Re3 Nc5 53. Rf8+ Kg7 54. Re8 e6 55. Rb8 Kf6 56. Rc3 Na6 57. Rb7 Nc5 58. Rb8 Na6 59. Rbc8 Nc5 60. Rc6 Ne4 61. b7 Nxc3 62. Rxc3 Rxb7 63. Rc6 d5 64. Rc8 Rb3+ 65. Kg4 Rg3+ 66. Kxh4 Rxg2 67. Rd8 Kf5 68. Rf8+ Ke4 69. Rf6 e5 70. fxe5 g5+ 71. Kh5 Kxe5 72. Rg6 d4 73. h4 d3 74. Rg8 d2 75. Rd8 gxh4 76. Kxh4 Ke4 77. Kh3 Re2 78. Kg3 Re3+ 0-1

[Event "RUS Cup Regions"]
[Site "Belgorod"]
[Date "2008.11.23"]
[Round "3"]
[White "Karpov, Alexander"]
[Black "Khasin, Alexander"]
[Result "1/2-1/2"]
[WhiteElo "2330"]
[BlackElo "2498"]
[PlyCount "24"]
[EventDate "2008.11.21"]
[EventType "swiss"]
[EventRounds "10"]
[EventCountry "RUS"]
[SourceTitle "EXT 2010"]
[Source "ChessBase"]
[SourceDate "2010.11.25"]
[SourceVersion "1"]
[SourceVersionDate "2010.11.25"]
[SourceQuality "1"]

1. e4 c5 2. Nf3 Nc6 3. Bb5 g6 4. 0-0 Bg7 5. c3 e5 6. d4 cxd4 7. cxd4 Nxd4 8. Nxd4 exd4 9. Na3 Ne7 10. Nc4 0-0 11. Nd6 Be5 12. Nc4 Bg7 1/2-1/2

[Event "RUS Cup tt"]
[Site "Miass"]
[Date "2007.11.23"]
[Round "5"]
[White "Khasin, Alexander"]
[Black "Raetsky, Alexander"]
[Result "1/2-1/2"]
[WhiteElo "2510"]
[BlackElo "2410"]
[PlyCount "40"]
[EventDate "2007.11.19"]
[EventType "swiss"]
[EventRounds "10"]
[EventCountry "RUS"]
[SourceTitle "CBM 121 Extra"]
[Source "ChessBase"]
[SourceDate "2008.01.10"]
[SourceVersion "1"]
[SourceVersionDate "2008.01.10"]
[SourceQuality "1"]

1. c4 e5 2. g3 c6 3. Bg2 d5 4. cxd5 cxd5 5. d4 e4 6. f3 Nf6 7. Nc3 Bb4 8. Bg5 Bf5 9. e3 Bxc3+ 10. bxc3 Nbd7 11. Ne2 exf3 12. Bxf3 h6 13. Bxf6 Nxf6 14. 0-0 0-0 15. Nf4 Qd7 16. Qb3 Rad8 17. c4 dxc4 18. Qxc4 Rfe8 19. Qb3 Re7 20. Rac1 Be4 1/2-1/2

[Event "RUS-Cup03"]
[Site "Tomsk"]
[Date "2002.07.14"]
[Round "7"]
[White "Khasin, Alexander"]
[Black "Smirnov, Pavel"]
[Result "1/2-1/2"]
[WhiteElo "2518"]
[BlackElo "2539"]
[PlyCount "39"]
[EventDate "2002.07.08"]
[EventType "swiss"]
[EventRounds "9"]
[EventCountry "RUS"]
[SourceTitle "CBM 089 Extra"]
[Source "ChessBase"]
[SourceDate "2002.09.10"]
[SourceVersion "2"]
[SourceVersionDate "2002.09.10"]
[SourceQuality "1"]

1. Nf3 d6 2. g3 g6 3. Bg2 Bg7 4. d4 Nf6 5. c4 0-0 6. Nc3 Nc6 7. 0-0 a6 8. d5 Na5 9. b3 c5 10. dxc6 Nxc6 11. Bb2 Ne4 12. Qc1 Bf5 13. Nxe4 Bxb2 14. Qxb2 Bxe4 15. Rfd1 Qa5 16. Nh4 Bxg2 17. Nxg2 Qe5 18. Qxe5 Nxe5 19. Ne3 Rac8 20. Nd5 1/2-1/2

[Event "RUS-Cup06"]
[Site "Tomsk"]
[Date "2001.06.30"]
[Round "1"]
[White "Khasin, Alexander"]
[Black "Voinov, Alexandr"]
[Result "1-0"]
[WhiteElo "2542"]
[BlackElo "2250"]
[PlyCount "87"]
[EventDate "2001.06.30"]
[EventType "swiss"]
[EventRounds "9"]
[EventCountry "RUS"]
[SourceTitle "CBM 083 Extra"]
[Source "ChessBase"]
[SourceDate "2001.09.11"]
[SourceVersion "1"]
[SourceVersionDate "2001.09.11"]
[SourceQuality "1"]

1. c4 d6 2. g3 Nf6 3. Bg2 e5 4. Nc3 Be7 5. Nf3 0-0 6. d4 Nbd7 7. 0-0 c6 8. Qc2 Qc7 9. Rd1 Re8 10. h3 b6 11. e4 Bb7 12. Be3 Rac8 13. Rac1 a6 14. b4 Bf8 15. Qb1 Qb8 16. dxe5 dxe5 17. Ne1 Qc7 18. Nd3 Rcd8 19. b5 axb5 20. cxb5 c5 21. Nb2 Be7 22. Nc4 Ra8 23. Qb3 Reb8 24. f4 Nh5 25. Rxd7 Qxd7 26. Nxb6 Qd6 27. Nc4 Qg6 28. Nxe5 Qxg3 29. Ne2 c4 30. Nxc4 Qh4 31. Ne5 Rf8 32. a4 Ng3 33. Nd4 Rad8 34. Qc2 Bf6 35. Ndc6 Bxe5 36. fxe5 Rc8 37. Qf2 f5 38. Kh2 f4 39. Bxf4 Rxf4 40. Qxg3 Qxg3+ 41. Kxg3 Rf7 42. e6 Rfc7 43. e5 Bxc6 44. Rxc6 1-0

[Event "RUS-chT 07th"]
[Site "Smolensk"]
[Date "2000.04.25"]
[Round "11"]
[White "Ivanov, Victor L"]
[Black "Khasin, Alexander"]
[Result "1/2-1/2"]
[WhiteElo "2415"]
[BlackElo "2529"]
[PlyCount "60"]
[EventDate "2000.04.15"]
[EventType "team-tourn"]
[EventRounds "11"]
[EventCountry "RUS"]
[SourceTitle "EXT 2020"]
[Source "ChessBase"]
[SourceDate "2019.10.17"]
[SourceVersion "1"]
[SourceVersionDate "2019.10.17"]
[SourceQuality "1"]
[WhiteTeam "Moscow Phoenix"]
[BlackTeam "Tomsk 400"]
[WhiteTeamCountry "RUS"]
[BlackTeamCountry "RUS"]

1. e4 c5 2. c3 Nf6 3. e5 Nd5 4. Nf3 Nc6 5. Bc4 Nb6 6. Bb3 c4 7. Bc2 Qc7 8. Qe2 g5 9. e6 dxe6 10. Nxg5 Qe5 11. Ne4 f5 12. Ng3 Qxe2+ 13. Nxe2 e5 14. f3 Rg8 15. 0-0 Bg7 16. Na3 Be6 17. b3 0-0-0 18. Ng3 cxb3 19. axb3 Rgf8 20. Re1 Bd7 21. Bb2 e6 22. d3 Be8 23. b4 e4 24. d4 e5 25. fxe4 exd4 26. Nxf5 dxc3 27. Nxg7 cxb2 28. Rab1 Rd2 29. Red1 Rxd1+ 30. Bxd1 Bg6 1/2-1/2

[Event "World Cities-ch 2nd"]
[Site "Shenyang"]
[Date "1999.10.05"]
[Round "3"]
[White "Khasin, Alexander"]
[Black "Wang, Rui"]
[Result "1-0"]
[WhiteElo "2511"]
[BlackElo "2396"]
[PlyCount "75"]
[EventDate "1999.10.02"]
[EventType "team"]
[EventRounds "9"]
[EventCountry "CHN"]
[SourceTitle "EXT 2000"]
[Source "ChessBase"]
[SourceDate "1999.11.16"]
[SourceVersion "1"]
[SourceVersionDate "1999.11.16"]
[SourceQuality "1"]

1. Nf3 Nf6 2. g3 g6 3. Bg2 Bg7 4. c4 0-0 5. Nc3 d6 6. 0-0 Nc6 7. Rb1 e5 8. b4 h6 9. d3 Nh5 10. b5 Ne7 11. d4 Be6 12. dxe5 dxe5 13. Ba3 Re8 14. Nd2 Qc8 15. Nd5 Bf8 16. Qb3 Nf5 17. Bxf8 Rxf8 18. e3 Bxd5 19. cxd5 Nd6 20. Rfc1 Qd7 21. Qc3 Nxb5 22. Qxe5 Rfe8 23. Qb2 Nd6 24. e4 Qe7 25. Re1 f6 26. f4 Rab8 27. e5 fxe5 28. fxe5 Nf7 29. Kh1 Ng7 30. Nc4 Kh7 31. e6 Nd6 32. Ne5 Rbd8 33. Rf1 Rf8 34. Qc2 Rf5 35. Nxg6 Kxg6 36. g4 Rdf8 37. gxf5+ Ngxf5 38. Be4 1-0

[Event "MK Cafe Cup-B"]
[Site "Koszalin"]
[Date "1999.08.12"]
[Round "9"]
[White "Krivoshey, Sergei"]
[Black "Khasin, Alexander"]
[Result "0-1"]
[WhiteElo "2454"]
[BlackElo "2511"]
[PlyCount "72"]
[EventDate "1999.08.03"]
[EventType "swiss"]
[EventRounds "10"]
[EventCountry "POL"]
[SourceTitle "EXT 2000"]
[Source "ChessBase"]
[SourceDate "1999.11.16"]
[SourceVersion "1"]
[SourceVersionDate "1999.11.16"]
[SourceQuality "1"]

1. Nf3 c5 2. c4 Nc6 3. Nc3 e5 4. g3 g6 5. Bg2 Bg7 6. a3 a5 7. 0-0 d6 8. d3 Nge7 9. Ne1 Be6 10. Nd5 0-0 11. Nc2 a4 12. Rb1 Na5 13. Bg5 f6 14. Nxe7+ Qxe7 15. Bd2 Nb3 16. Ne3 f5 17. Nd5 Qd8 18. e3 Rb8 19. Nc3 Qd7 20. Qe2 g5 21. f4 gxf4 22. gxf4 Kh8 23. Kh1 e4 24. Rbd1 Qf7 25. Nd5 Bxd5 26. cxd5 exd3 27. Qxd3 b5 28. Bc3 c4 29. Qc2 Rbe8 30. Rf3 Nc5 31. Rg3 Bxc3 32. bxc3 Rg8 33. Rxg8+ Qxg8 34. Qxf5 Qg7 35. Bf3 Nd3 36. Rd2 Qxc3 0-1

[Event "RUS-chT 06th"]
[Site "St Petersburg"]
[Date "1999.05.22"]
[Round "7"]
[White "Popov, Valerij"]
[Black "Khasin, Alexander"]
[Result "1/2-1/2"]
[WhiteElo "2582"]
[BlackElo "2503"]
[PlyCount "81"]
[EventDate "1999.05.16"]
[EventType "team-tourn"]
[EventRounds "9"]
[EventCountry "RUS"]
[SourceTitle "EXT 2020"]
[Source "ChessBase"]
[SourceDate "2019.10.17"]
[SourceVersion "1"]
[SourceVersionDate "2019.10.17"]
[SourceQuality "1"]
[WhiteTeam "Sankt Petersburg Lentransgaz"]
[BlackTeam "Tomsk Siberia"]
[WhiteTeamCountry "RUS"]
[BlackTeamCountry "RUS"]

1. d4 Nf6 2. c4 e6 3. Nf3 Bb4+ 4. Bd2 Qe7 5. g3 Nc6 6. Nc3 Bxc3 7. Bxc3 Ne4 8. Rc1 0-0 9. Bg2 d6 10. d5 Nd8 11. Bb4 a5 12. Ba3 e5 13. 0-0 f5 14. Nd2 Nc5 15. Nb3 Nf7 16. Qd2 Ne4 17. Qe3 a4 18. Bxe4 axb3 19. Bg2 bxa2 20. c5 Qf6 21. f4 exf4 22. gxf4 Bd7 23. Qb3 dxc5 24. Qxb7 Qb6 25. d6 Qxb7 26. Bxb7 Rab8 27. Bd5 cxd6 28. Bxa2 Rfe8 29. Bxf7+ Kxf7 30. Rfd1 Ke7 31. Rc3 Red8 32. Rg3 g6 33. Rh3 Be6 34. Rxh7+ Bf7 35. Rh3 Rb3 36. Rxb3 Bxb3 37. Rd3 Rb8 38. Kf2 Bc2 39. Rc3 Be4 40. Rh3 Ke6 41. Rh7 1/2-1/2

[Event "RUS-chT 06th"]
[Site "St Petersburg"]
[Date "1999.05.18"]
[Round "3"]
[White "Newerovski, Gennadi"]
[Black "Khasin, Alexander"]
[Result "1-0"]
[WhiteElo "2361"]
[BlackElo "2503"]
[PlyCount "103"]
[EventDate "1999.05.16"]
[EventType "team-tourn"]
[EventRounds "9"]
[EventCountry "RUS"]
[SourceTitle "EXT 2020"]
[Source "ChessBase"]
[SourceDate "2019.10.17"]
[SourceVersion "1"]
[SourceVersionDate "2019.10.17"]
[SourceQuality "1"]
[WhiteTeam "Smolensk TsEM"]
[BlackTeam "Tomsk Siberia"]
[WhiteTeamCountry "RUS"]
[BlackTeamCountry "RUS"]

1. e4 c5 2. Nf3 Nc6 3. d4 cxd4 4. Nxd4 Nf6 5. Nc3 d6 6. Bg5 e6 7. Qd2 a6 8. 0-0-0 h6 9. Be3 Be7 10. f3 Nxd4 11. Bxd4 b5 12. a3 Rb8 13. g4 b4 14. axb4 Rxb4 15. h4 e5 16. Bf2 Qa5 17. Kb1 Qa3 18. b3 Be6 19. Qc1 Qa5 20. Be1 Qb6 21. Qa3 Rd4 22. Rxd4 exd4 23. Bf2 0-0 24. Qa4 Nd7 25. Qxd4 Qa5 26. Nd5 Bd8 27. Be2 Ne5 28. Rd1 Re8 29. Qc3 Qa3 30. Qa1 Qxa1+ 31. Kxa1 a5 32. Kb2 Bd7 33. Kb1 Ng6 34. h5 Ne5 35. Nb6 Be6 36. Rxd6 Be7 37. Rd1 Rb8 38. Na4 g6 39. Bg3 f6 40. hxg6 Kg7 41. f4 Bxg4 42. Bxg4 Nxg4 43. f5 Rd8 44. Rxd8 Bxd8 45. Nc5 Bb6 46. Ne6+ Kg8 47. c4 Bf2 48. Bxf2 Nxf2 49. c5 Nxe4 50. Kc2 h5 51. Kd3 Ng3 52. Nd4 1-0

[Event "RUS-chT 06th"]
[Site "St Petersburg"]
[Date "1999.05.16"]
[Round "1"]
[White "Rodin, Dmitrij"]
[Black "Khasin, Alexander"]
[Result "1/2-1/2"]
[WhiteElo "2260"]
[BlackElo "2503"]
[PlyCount "133"]
[EventDate "1999.05.16"]
[EventType "team-tourn"]
[EventRounds "9"]
[EventCountry "RUS"]
[SourceTitle "EXT 2020"]
[Source "ChessBase"]
[SourceDate "2019.10.17"]
[SourceVersion "1"]
[SourceVersionDate "2019.10.17"]
[SourceQuality "1"]
[WhiteTeam "Voronezh OShK"]
[BlackTeam "Tomsk Siberia"]
[WhiteTeamCountry "RUS"]
[BlackTeamCountry "RUS"]

1. e4 c5 2. Nf3 Nc6 3. d4 cxd4 4. Nxd4 g6 5. c4 Bg7 6. Be3 Nf6 7. Nc3 0-0 8. Be2 d6 9. Nc2 Nd7 10. Qd2 Nc5 11. f3 Qa5 12. 0-0 Bxc3 13. bxc3 Na4 14. Bh6 Re8 15. Nb4 Be6 16. Nd5 Ne5 17. Rab1 Qc5+ 18. Kh1 Nxc4 19. Bxc4 Qxc4 20. Rfe1 Bxd5 21. exd5 Nb6 22. Rbd1 Rac8 23. Qg5 Qxc3 24. Rxe7 Nxd5 25. Rxe8+ Rxe8 26. h3 Ne3 27. Qb5 Rc8 28. Bxe3 Qxe3 29. Qxb7 Qc5 30. Qd7 Rc6 31. Re1 Kg7 32. Qe7 Qf2 33. Re2 Qg3 34. Qe3 Rc4 35. Qd2 d5 36. Re1 d4 37. Rd1 h5 38. Qd3 Qc7 39. Qe4 Qc5 40. Kh2 a5 41. Rd3 Qd6+ 42. f4 h4 43. Kg1 f5 44. Qe1 Qxf4 45. Qe7+ Kh6 46. Qf8+ Kh5 47. Qh8+ Qh6 48. Qe5 Qc1+ 49. Kh2 Qg5 50. Qh8+ Qh6 51. Qe5 Qf8 52. Rxd4 Rxd4 53. Qxd4 Qb8+ 54. Kg1 Qc7 55. Qd1+ Kg5 56. Qd2+ Kf6 57. Qd4+ Kg5 58. Qd2+ Kh5 59. Qe2+ Kh6 60. Qe3+ f4 61. Qd4 Kg5 62. Qd5+ Kf6 63. Qd4+ Kf5 64. Qd3+ Kf6 65. Qd4+ Kg5 66. Qd5+ Kh6 67. Qd4 1/2-1/2

[Event "MK Cafe Cup-A"]
[Site "Koszalin"]
[Date "1998.08.11"]
[Round "9"]
[White "Khasin, Alexander"]
[Black "Mainka, Romuald"]
[Result "0-1"]
[WhiteElo "2500"]
[BlackElo "2480"]
[PlyCount "64"]
[EventDate "1998.08.03"]
[EventType "swiss"]
[EventRounds "10"]
[EventCountry "POL"]
[SourceTitle "CBM 065 Extra"]
[Source "ChessBase"]
[SourceDate "1998.09.09"]
[SourceVersion "1"]
[SourceVersionDate "1998.09.09"]
[SourceQuality "1"]

1. Nf3 d6 2. d4 f5 3. g3 Nf6 4. Bg2 g6 5. c4 Bg7 6. Nc3 0-0 7. 0-0 Qe8 8. Re1 Qf7 9. b3 Ne4 10. Bb2 Nc6 11. Rc1 e6 12. e3 d5 13. Qe2 a5 14. Na4 g5 15. cxd5 exd5 16. Nc5 g4 17. Nd2 Nd8 18. Nd3 Ne6 19. f4 b6 20. Nxe4 dxe4 21. Ne5 Bxe5 22. fxe5 Bb7 23. Qc2 Bd5 24. Rf1 Qg6 25. h4 gxh3 26. Bxh3 Rf7 27. Qg2 Kh8 28. Kf2 Rg8 29. Qh2 Qh5 30. Qh1 Rg5 31. Rg1 Qg6 32. Ke2 Qh6 0-1